000 00563cam a22002291 4500
001 ne 68000151
003 DLC
005 20260227111836.0
008 890620s1967 xx 000 0 ara
010 _ane 68000151
035 _a(OCoLC)23487213
040 _aDLC
_cMiU
_dDLC
042 _apremarc
043 _afu-----
050 0 0 _aDT107.82
_b.M8
100 1 _aMuṣṭafá, Aḥmad ʻAbd al-Raḥīm.
245 1 0 _aMushkilat Qanāt al-Suways.
260 _c1967.
300 _a226 p.
_c24 cm.
500 _aRomanized.
651 0 _aSuez Canal (Egypt)
999 _c49934
_d49934